00992nam a22002777a 45000010005000000030006000050050017000110080041000280200017000690400029000860500014001150820011001291000017001402450054001572500040002112600048002513000045002994900028003445050008003725200218003805210021005985210020006196500022006396500022006617000031006835414FISKH20241204114334.0241204b cb ||||| |||| 00| 0 eng d a490590630297 aFISKHbengcFISKHdFISKH aPZ7.M9534 a823.92 aMurphy, Jill aA Bad Spell for the Worst Witch /cby Jill Murphy aFirst Candlewick Press edition 2000 aMassachusetts : bCandlewick Press ;c1974. a127 pages : billustrations ; c21 cm .  aThe Worst WitchvBook 3 aZ  aAlthough her second year at Miss Cackle's Academy for Witches starts off better than her first, Mildred Hubble soon regains her reputation as the worst witch in the school when she and Ethel Hallow resume feuding.8 a1060 bLexile 8 aZ bRaz-Plus  aWitches vFiction aSchools vFiction aMurphy, Jilleillustrator